| 000 | 01147nam a2200265 a 4500 | ||
|---|---|---|---|
| 001 | 000045665 | ||
| 005 | 20240705073647.0 | ||
| 008 | 091204s1979 dr 000 0 spa d | ||
| 040 |
_aDO-SdBNP _bspa _cBNPHU |
||
| 082 |
_aRD864.2 _bH831p, 1979 |
||
| 100 | 1 |
_aHostos, Eugenio María de, _d1839-1903 _91352 |
|
| 245 | 1 | 0 |
_aPáginas dominicanas / _cEugenio María de Hostos ; selección Emilio Rodríguez Demorizi. |
| 250 | _a2a. ed. | ||
| 260 |
_aSanto Domingo : _bTaller, _c1979. |
||
| 300 |
_a277 p. ; _c21 cm. |
||
| 500 | _aIncluye notas al pie de las páginas | ||
| 505 | 0 |
_tHostos en nuestro pasado y nuestro porvenir / _rEmilio Rodríguez Demorizi -- _tPor el bien de la República -- _t27 de febrero y 16 de agosto -- _tDiscursos en la Escuela Normal -- _tLetras dominicanas. |
|
| 590 | _aInventariado, 2019/MFF | ||
| 650 | 0 |
_aEnsayos dominicanos _965 |
|
| 651 | 4 |
_aRepública Dominicana _xHistoria _9170 |
|
| 651 | 4 |
_aRepública Dominicana _xVida Social Y Costumbres _9405 |
|
| 650 | 4 |
_aRepública dominicana _xVida intelectual _931126 |
|
| 700 | 1 |
_aRodríguez Demorizi, Emilio, _d1908-1986 _91039 |
|
| 910 | _aValidado. Control de calidad MFF | ||
| 999 |
_c45154 _d45154 |
||